<?xml version="1.0" encoding="UTF-8"?>
<record
    xmlns:xsi="http://www.w3.org/2001/XMLSchema-instance"
    xsi:schemaLocation="http://www.loc.gov/MARC21/slim http://www.loc.gov/standards/marcxml/schema/MARC21slim.xsd"
    xmlns="http://www.loc.gov/MARC21/slim">

  <leader>01475nam a2200325 a 4500</leader>
  <controlfield tag="005">20240416133742.0</controlfield>
  <controlfield tag="008">100930t2007||||ag a   f |||| 001 0 spa d</controlfield>
  <datafield tag="020" ind1=" " ind2=" ">
    <subfield code="a">9789500604451</subfield>
  </datafield>
  <datafield tag="041" ind1=" " ind2=" ">
    <subfield code="a">spa</subfield>
  </datafield>
  <datafield tag="092" ind1=" " ind2=" ">
    <subfield code="c">616.075</subfield>
    <subfield code="l">79</subfield>
    <subfield code="s">SIE</subfield>
  </datafield>
  <datafield tag="100" ind1="1" ind2=" ">
    <subfield code="a">Siegelman, Evan S.</subfield>
    <subfield code="9">3371</subfield>
  </datafield>
  <datafield tag="245" ind1=" " ind2=" ">
    <subfield code="a">Resonancia magn&#xE9;tica. </subfield>
    <subfield code="b">T&#xF3;rax, abdomen y pelvis. Aplicaciones cl&#xED;nicas /</subfield>
    <subfield code="c">Evan S. Siegelman</subfield>
  </datafield>
  <datafield tag="250" ind1=" " ind2=" ">
    <subfield code="a">1a ed. </subfield>
  </datafield>
  <datafield tag="260" ind1=" " ind2=" ">
    <subfield code="a">Buenos Aires: </subfield>
    <subfield code="b">Editorial M&#xE9;dica Panamericana;</subfield>
    <subfield code="c">2007.</subfield>
  </datafield>
  <datafield tag="300" ind1=" " ind2=" ">
    <subfield code="a">588 p.</subfield>
    <subfield code="b">il.</subfield>
    <subfield code="c">28x20 cm.</subfield>
  </datafield>
  <datafield tag="500" ind1=" " ind2=" ">
    <subfield code="a">Siegelman, E. S. (2007). Resonancia magn&#xE9;tica. T&#xF3;rax, abdomen y pelvis. Aplicaciones cl&#xED;nicas. (1a ed.). Buenos Aires : Editorial M&#xE9;dica Panamericana.</subfield>
  </datafield>
  <datafield tag="590" ind1=" " ind2=" ">
    <subfield code="a">Donaci&#xF3;n Noviembre 2017.</subfield>
  </datafield>
  <datafield tag="653" ind1=" " ind2=" ">
    <subfield code="a">T&#xE9;cnicas de resonancia magn&#xE9;tica y resonancia magn&#xE9;tica de h&#xED;gado</subfield>
  </datafield>
  <datafield tag="653" ind1=" " ind2=" ">
    <subfield code="a">Resonancia magn&#xE9;tica de los conductos biliares, la vesicula biliar y el p&#xE1;ncreas</subfield>
  </datafield>
  <datafield tag="653" ind1=" " ind2=" ">
    <subfield code="a">Resonancia magn&#xE9;tica de las gl&#xE1;ndulas suprarrenales</subfield>
  </datafield>
  <datafield tag="653" ind1=" " ind2=" ">
    <subfield code="a">Resonancia magn&#xE9;tica renal</subfield>
  </datafield>
  <datafield tag="653" ind1=" " ind2=" ">
    <subfield code="a">Resonancia magn&#xE9;tica del bazo</subfield>
  </datafield>
  <datafield tag="653" ind1=" " ind2=" ">
    <subfield code="a">Resonancia magn&#xE9;tica del retroperitoneo y el peritoneo</subfield>
  </datafield>
  <datafield tag="653" ind1=" " ind2=" ">
    <subfield code="a">Resonancia magn&#xE9;tica de la pelvis femenina</subfield>
  </datafield>
  <datafield tag="653" ind1=" " ind2=" ">
    <subfield code="a">Resonancia magn&#xE9;tica fetal</subfield>
  </datafield>
  <datafield tag="653" ind1=" " ind2=" ">
    <subfield code="a">Resonancia magn&#xE9;tica de la pelvis masculina y la vejiga</subfield>
  </datafield>
  <datafield tag="653" ind1=" " ind2=" ">
    <subfield code="a">Resonancia magn&#xE9;tica de mama</subfield>
  </datafield>
  <datafield tag="653" ind1=" " ind2=" ">
    <subfield code="a">Resonancia magn&#xE9;tica y arteriograf&#xED;a por resonancia magn&#xE9;tica de la aorta</subfield>
  </datafield>
  <datafield tag="942" ind1=" " ind2=" ">
    <subfield code="2">ddc</subfield>
    <subfield code="c">BK</subfield>
  </datafield>
  <datafield tag="999" ind1=" " ind2=" ">
    <subfield code="c">2571</subfield>
    <subfield code="d">2571</subfield>
  </datafield>
  <datafield tag="952" ind1=" " ind2=" ">
    <subfield code="0">0</subfield>
    <subfield code="1">0</subfield>
    <subfield code="2">ddc</subfield>
    <subfield code="4">0</subfield>
    <subfield code="7">0</subfield>
    <subfield code="a">BFM</subfield>
    <subfield code="b">BFM</subfield>
    <subfield code="c">CR</subfield>
    <subfield code="d">2017-11-13</subfield>
    <subfield code="e">Donaci&#xF3;n Dr. Jorge Noberto Troba. Noviembre, 2017.</subfield>
    <subfield code="l">1</subfield>
    <subfield code="o">616.075 79 SIE</subfield>
    <subfield code="p">4036</subfield>
    <subfield code="r">2018-02-20</subfield>
    <subfield code="s">2017-12-14</subfield>
    <subfield code="t">Ej. 1</subfield>
    <subfield code="w">2017-11-13</subfield>
    <subfield code="y">BK</subfield>
    <subfield code="z">Donaci&#xF3;n Dr. Jorge Noberto Troba. Noviembre, 2017.</subfield>
  </datafield>
</record>
